One Letter Out: TV Quiz Stats

Quiz Updated Jul 19, 2016

Also try: Speed Television
Challenge
Share
Tweet
Embed
Score 0/20 Timer 04:00
0 Plays Today
TV Show Enter Wrong Letter % Correct
C*A*S*H (1972)???
92.2%
King of the Pill (1997)???
90.2%
Miami Mice (1984)???
89.8%
Zeroes (2006)???
89.8%
Doctor Why (1963)???
89%
Sad About You (1992)???
88.9%
House of Cares (2013)???
87.9%
The Love Goat (1977)???
87.9%
The Old Couple (1970)???
85.9%
Thin Peaks (1990)???
84.6%
TV Show Enter Wrong Letter % Correct
Code Block (2015)???
78.9%
The Faces of Life (1979)???
71.3%
The Fire (2002)???
68.4%
American Breed (2007)???
65.8%
All the Wax (2016)???
64.4%
Basketball Lives (2010)???
60.3%
The IT Crows (2006)???
58.1%
The Car at Home (2005)???
54.5%
Crack Yankers (2002)???
51.9%
Farshape (1999)???
47.8%

You're not logged in!

Compare scores with friends on all Sporcle quizzes.
Sign Up with Email
OR
Log In

You Might Also Like...

Show Comments

Extras

Top Quizzes Today


Score Distribution

Your Account Isn't Verified!

In order to create a playlist on Sporcle, you need to verify the email address you used during registration. Go to your Sporcle Settings to finish the process.

Report this User

Report this user for behavior that violates our Community Guidelines.

Details: